<?xml version="1.0" encoding="UTF-8"?><?xml-stylesheet type="text/xsl" href="static/style.xsl"?><OAI-PMH xmlns="http://www.openarchives.org/OAI/2.0/" xmlns:xsi="http://www.w3.org/2001/XMLSchema-instance" xsi:schemaLocation="http://www.openarchives.org/OAI/2.0/ http://www.openarchives.org/OAI/2.0/OAI-PMH.xsd"><responseDate>2026-04-14T06:47:35Z</responseDate><request verb="GetRecord" identifier="oai:www.recercat.cat:2072/378620" metadataPrefix="marc">https://recercat.cat/oai/request</request><GetRecord><record><header><identifier>oai:recercat.cat:2072/378620</identifier><datestamp>2026-03-29T23:27:05Z</datestamp><setSpec>com_2072_98</setSpec><setSpec>col_2072_378192</setSpec></header><metadata><record xmlns="http://www.loc.gov/MARC21/slim" xmlns:dcterms="http://purl.org/dc/terms/" xmlns:xsi="http://www.w3.org/2001/XMLSchema-instance" xmlns:doc="http://www.lyncode.com/xoai" xsi:schemaLocation="http://www.loc.gov/MARC21/slim http://www.loc.gov/standards/marcxml/schema/MARC21slim.xsd">
   <leader>00925njm 22002777a 4500</leader>
   <datafield ind2=" " ind1=" " tag="042">
      <subfield code="a">dc</subfield>
   </datafield>
   <datafield ind2=" " ind1=" " tag="720">
      <subfield code="a">López Sánchez, Fernando</subfield>
      <subfield code="e">author</subfield>
   </datafield>
   <datafield ind2=" " ind1=" " tag="260">
      <subfield code="c">2000</subfield>
   </datafield>
   <datafield ind2=" " ind1=" " tag="520">
      <subfield code="a">Tras la desaparición completa del ideal político de la Tetrarquía con el triunfo definitivo de Constantino en el año 324 dC todo parecía indicar que únicamente sus descendientes serían los destinados a la gobernación del imperio. De entre todos los usurpadores del siglo IV, Magnencio, juntamente con su hermano Decencio, presenta en su numismática el programa simbólico por la legitimación del poder más interesante desarrollado por un arribista a lo largo de todo el siglo IV dC. En el duelo propagandístico entre Constancio II y Magnencio, cada contendiente se arrogó la legitimidad del trono acusando al oponente de tirano. El crismón maximizado y en soledad de algunos reversos monetarios de Magnencio así como la absoluta preponderancia de la iconografía de Victoria en sus monedas constituyen el nucleo de la propaganda numismática de Magnencio en su lucha contra Constancio.</subfield>
   </datafield>
   <datafield ind2=" " ind1=" " tag="520">
      <subfield code="a">After the complete disappearance of the ideal of the Tetrarchy as a result of Constantine's triumph in 324 AD, it seemed that only his descendants would be the ones to rule the empire. Among all the usurpers, it was Magnentius and his brother Decentius, those who introduce in their numismatics the most interesting symbols on behalf of legitimacy ever represented by a social climber all along the IV century AD. In the duel between Constantius the Second and Magnentius, each one assumed legitimacy accusing the other one of being a tyrant. The image of the Christogram alone at the back of the coins and the repetitive iconography of Victory are the centre of the numismatic publicity Magnentius carried out against Constantius.</subfield>
   </datafield>
   <datafield tag="653" ind2=" " ind1=" ">
      <subfield code="a">Constancio II</subfield>
   </datafield>
   <datafield tag="653" ind2=" " ind1=" ">
      <subfield code="a">Constatino</subfield>
   </datafield>
   <datafield tag="653" ind2=" " ind1=" ">
      <subfield code="a">Crismón</subfield>
   </datafield>
   <datafield tag="653" ind2=" " ind1=" ">
      <subfield code="a">Laeti</subfield>
   </datafield>
   <datafield tag="653" ind2=" " ind1=" ">
      <subfield code="a">Magnencio</subfield>
   </datafield>
   <datafield tag="653" ind2=" " ind1=" ">
      <subfield code="a">Tyrannus</subfield>
   </datafield>
   <datafield tag="653" ind2=" " ind1=" ">
      <subfield code="a">Constantius II</subfield>
   </datafield>
   <datafield tag="653" ind2=" " ind1=" ">
      <subfield code="a">Constantine</subfield>
   </datafield>
   <datafield tag="653" ind2=" " ind1=" ">
      <subfield code="a">Christogram</subfield>
   </datafield>
   <datafield tag="653" ind2=" " ind1=" ">
      <subfield code="a">Magnentius</subfield>
   </datafield>
   <datafield ind2="0" ind1="0" tag="245">
      <subfield code="a">Tiranía y legitimación del poder en la numismática de Magnencio y Constancio II (350-353 dC)</subfield>
   </datafield>
</record></metadata></record></GetRecord></OAI-PMH>